LIBRARY & INFORMATION CENTRE, KCAET, TAVANUR

ONLINE PUBLIC ACCESS CATALOGUE (OPAC)

International regulatory aspects for pesticide chemicals: toxicity profiles vol-1 / (Record no. 7272)

MARC details
000 -LEADER
fixed length control field 00481cam a2200169ua 4500
020 ## - INTERNATIONAL STANDARD BOOK NUMBER
ISBN 0 8493 5607 5
041 ## - LANGUAGE CODE
Language code of text/sound track or separate title eng
082 ## - DEWEY DECIMAL CLASSIFICATION NUMBER
Classification number 632.95
Item number VET/IN
100 ## - MAIN ENTRY--AUTHOR NAME
Personal name Vettorazzi, Gaston .
245 ## - TITLE STATEMENT
Title International regulatory aspects for pesticide chemicals: toxicity profiles vol-1 /
250 ## - EDITION STATEMENT
Edition statement 1 /
260 ## - PUBLICATION, DISTRIBUTION, ETC. (IMPRINT)
Place of publication Florida :
Name of publisher CRC Press Inc. ,
Year of publication 1979.
300 ## - PHYSICAL DESCRIPTION
Number of Pages 216 ; .
942 ## - ADDED ENTRY ELEMENTS (KOHA)
Koha item type Books
Holdings
Withdrawn status Lost status Damaged status Home library Current library Date acquired Full call number Accession Number Koha item type
      KAUAET KAUAET 11/11/1987 632.95 16377 Books
free website counter